Statistics for Very hard naruto quiz

Click here to take the quiz!

General Stats

  • This quiz has been taken 892 times
  • The average score is 7 of 15

Answer Stats

HintAnswer% Correct
joined the Anbu at age 13itachi
86%
took part in the killing of the uchihasobito
84%
Hiruzen son that became a joninasuma
80%
only surviving member of the uzumaki clankarin
72%
who killed yahikonagato
71%
nick name of kakashi fatherwhite fang
59%
founder of the leaf academytobirama
48%
scored the best score in academy historyminato
45%
two tails hostyugito
39%
guy fatherdai
36%
attempted to assasinate the first hokagekakuzu
35%
who gave nagato the renninganmadara uchiha
34%
killed the former eight tails hostorochimaru
16%
only female 7 ninja swordsmanamyui
2%
first known desendant of madarakagami uchiha
2%

Score Distribution

Percentile by Number Answered

Percent of People with Each Score

Your Score History

You have not taken this quiz